000 00394 a2200157 4500
001 25282
020 _a9788582179796
040 _cAnchieta - São Paulo/Itaigara
100 _aSavian Filho, Juvenal
240 1 0 _aFilosofia e filosofias:
_lpor
245 1 0 _aFilosofia e filosofias:
300 _a400
362 0 _a2016
650 4 _aEducação, pesquisa e tópicos relacionados
942 _cBK
999 _c25282
_d25282